| 000 | 00645nam a2200169 a 4500 | ||
|---|---|---|---|
| 001 | 000039980 | ||
| 005 | 20201002033838.0 | ||
| 008 | 130801s1974 gr ab 000 0 spa d | ||
| 040 |
_aDO-SdBNP _bspa _cBNPHU |
||
| 082 |
_axxx _bxxx |
||
| 245 | 0 | 0 |
_aApplied sciences and development : _ba biannual collection of recent German contributions concerning development through applied sciences. |
| 260 |
_aGermany : _bInstitute for Scientific Co-Operation, _c1974. |
||
| 300 |
_a3 v. : _bill, maps ; _c24 cm. |
||
| 490 | 1 | _aInstitute for scientific co-operation | |
| 504 | _aBibliography : p. 153 | ||
| 830 | 0 |
_aInstitute for scientific co-operation _966203 |
|
| 999 |
_c39470 _d39470 |
||